000 00357cam a2200145ua 4500
041 _aeng
_h
082 _a828.09
_bEVE/LO
100 _aEvelyn, John .
245 _aLondon Revived /
_cJohn Evelyn.
_hTextual Documents
260 _aLondon :
_bOxford at the Clarendon Press ,
_c1938.
300 _a61 ; .
504 _a
942 _cBK
999 _c4961
_d4961